000 00534nam a2200193Ia 4500
005 20250423094834.0
008 250422s9999 xx 000 0 und d
020 _a9789381159279
050 _aTS 183 .M36/
100 _aManish, Goyal
245 0 _aComputer based numerical & statistical techniques
250 _a4th ed.
260 _aIndia
260 _buniversity science press
260 _c2015
300 _a588 p
650 _aNumerical analysis Numerical analysis Data processing Electronic books
942 _cBK
999 _c28448
_d28448